00581nab a2200193 uc450000100070000000500170000700800410002403500110006503500210007604000130009704100080011010000380011824500290015665000170018565000310020265000230023365000300025677301010028686346020240201191636.0040224e20030405 spa  a863460 a(OCoLC)820090368 ccomduadb aspa10aGoloboff, Gerardo Mario4auteaut13aEl camino de la oralidad aPuig, Manuel 7aLiteratura argentina2lemb aLenguaje literario aOralidad en la literatura0 tCuadernos Hispanoamericanos (Madrid)gNúmero 634, Abril 2003, p. 7-12w101694z0011250X092095